| 000 | 00653nam a2200193 a 4500 | ||
|---|---|---|---|
| 008 | 060316s1982 ||||||||||||||||| || u | ||
| 020 | _a047108445X | ||
| 050 | _aTA147 | ||
| 100 | _aSpringer, George S | ||
| 245 | 1 | 0 | _aPrinciples of engineering |
| 260 |
_aNew York : _bJohn Wiley and Sons _c1982 |
||
| 300 | _axiii, 558 p. : ill. | ||
| 350 | _a0.00 | ||
| 500 | _aIncludes bibliographical references | ||
| 650 | _aENGINEERING | ||
| 700 | _aDuderstadt, James J., 1942- | ||
| 700 | _aKnoll, Glenn F | ||
| 995 |
_D0.00 _FCBU-MAIN LIBRARY (Kitwe) _H1 _I26.95 _M1 _UDAMAGED _ZMain Library Open Access Collection |
||
| 999 |
_c54562 _d54562 |
||